| 000 | 00382nam a2200157Ia 4500 | ||
|---|---|---|---|
| 008 | 210210b1973 xxu||||| |||| 00| 0 eng d | ||
| 082 | _a540 MAHU | ||
| 100 | _aMAHAN (Bruce H). | ||
| 245 | _aUniversity chemistry.Ed 2. | ||
| 250 | _a | ||
| 260 |
_aLondon _bAddison-Wesley _c1973 |
||
| 300 | _axv,832 | ||
| 650 | _aUniversity Chemistry | ||
| 690 | _aChemistry | ||
| 906 | _aCC00091 | ||
| 999 |
_c109229 _d109229 |
||